Countries of Eurozone - Statistics

General Stats
  • This quiz has been taken 35 times
  • The average score is 17 of 19
Answer Stats
Hint Answer % Correct
1999 Germany
96%
1999 Italy
96%
1999 Portugal
96%
1986 Spain
96%
1999 Austria
93%
1999 France
93%
2014 Latvia
93%
2015 Lithuania
93%
1999 Luxembourg
93%
1999 Belgium
89%
2023 Croatia
89%
2002 Ireland
89%
1999 Netherlands
89%
2009 Slovakia
89%
2011 Estonia
85%
2008 Malta
85%
2007 Slovenia
85%
1999 Finland
81%
2001 Greece
81%
No matching quizzes found
Score Distribution
Percent of People with Each Score
Percentile by Number Answered
Your Score History
You have not taken this quiz